000
00208 a2200097 4500
001
11838
100
_a
Rorty,J.
245
_a
Mc Carthyand the communists
260
_a
_b
Beacon Press
_c
090
_c
9094
_d
9094
942
_a
NUST-CAE
_c
M
_c
35927
999
_c
246911
_d
246911